000 00824nam a2200253Ia 4500
003 OSt
005 20220923211229.0
006 a|||||r|||| 00| 0
007 ta
008 Pun
020 _a9788171164897 (hbk)
_c140
024 _a240,224
037 _b7501/2, 19/11/2009, Arsee Publishers
_cTextual
040 _aARTS
_cARTS
_bPun
041 _2Pun
_aPun
082 _aO153,1N29:g, P8
100 _aਸਿੰਘ, ਅਵਤਾਰ
245 0 _aਤਾਰਾ ਸਿੰਘ ਦੀ ਕਾਵਿ ਸੰਰਚਨਾ
260 _aਦਿੱਲੀ
_b ਨੈFਨਲ ਬੁੱਕ Fਾਪ
_c2008
300 _a104ਪੰ
_ccm.
650 _aਪੰਜਾਬੀ ਸਾਹਿਤ
942 _hO153,1N29:g, P8
_cTEXL
_2CC
999 _c297317
_d297317